Herefordshire A-Z - Statistics

General Stats
  • This quiz has been taken 9 times
  • The average score is 12 of 24
Answer Stats
Hint Answer % Correct
C Famous breed of animal Hereford {Cattle}
100%
L Market town on the river Lugg Leominster
86%
P Bordering Welsh ceremonial county Powys
86%
R Market town on the river Wye Ross-on-Wye
86%
F River that flows through Bromyard; the namesake of a town in Somerset Frome
71%
M Medieval world map housed in Hereford Cathedral Hereford {Mappa} {Mundi}
71%
O Earthwork built by a Mercian king on the Welsh border Offa's Dyke
71%
Y Picturesque village on the River Wye popular with tourists Symonds {Yat}
71%
T Crisp brand founded in L Tyrrells
71%
V People who raided the county in the 900s Vikings
71%
N Mistress of Charles II from Hereford (probably) {Nell} Gwynne
57%
E 1800s stately home built in the style of a Norman castle Eastnor Castle
43%
H The county's 'black and white' villages are known for their ___-_______ houses Half-timbered
43%
K Market town near the Welsh border Kington
43%
Q Old slang term meaning confusion (sounds similar to what jelly does) Quabble
43%
A Region in the southwest; named for the earlier Welsh kingdom of Ergyng Archenfield
29%
B Range of hills on the Welsh border Black Mountains
29%
D Former Cistercian abbey in the Golden Valley Dore Abbey
29%
G Ruined Norman castle southwest of R Goodrich Castle
29%
J Son of Owen Tudor who led the Lancastrians at the Battle of Mortimer's Cross {Jasper} Tudor
29%
S Popular cider brand produced in Hereford Strongbow
29%
I TV gardener Monty Don lives in this village between Hereford and L Ivington
14%
W Village in the north home to a ruined castle and a ruined abbey Wigmore
14%
U Village located between Hereford and Bromyard Ullingswick
0%
No matching quizzes found
Score Distribution
Percent of People with Each Score
Percentile by Number Answered
Your Score History
You have not taken this quiz